=LDR 00000nam 2200000 4500 =001 INLIS000000000000786 =005 20200831074005 =035 ##$$a 0010-061300000000786 =008 200831################g##########0#ind## =041 ##$$a Ind =082 ##$$a 301.32 =090 ##$$a 301.32, Ehr-l =100 ##$$a Ehrlich, Paul R =245 1#$$a Ledakan penduduk /$c Paul R. Ehrlich; Penerjemah, Inyo Fernandez =260 ##$$a Jakarta :$b Gramedia,$c 1981 =300 ##$$a xv, 187 hlm ; $c 20 x 13 cm =650 #4$$a Demografi =700 #$$a Fernandez, Inyo =850 ##$$a NBPNMAT =084 ##$$a 301.32 EHR l =500 ##$$a Indeks: halaman 179-185 =504 ##$$a Bibliografi: halaman 175-177 =990 ##$$a 221/pro/83 =990 ##$$a 222/pro/83 =990 ##$$a DW99000822